Lowliest of the low : Study of socio-economic status of Kolta women (Record no. 16613)

MARC details
000 -LEADER
fixed length control field 00324nam a2200121Ia 4500
082 ## - DEWEY DECIMAL CLASSIFICATION NUMBER
Classification number RL.000;
100 ## - MAIN ENTRY--AUTHOR NAME
Personal name Gram Niyojan Kendra, Ghaziabad
245 #0 - TITLE STATEMENT
Title Lowliest of the low : Study of socio-economic status of Kolta women
260 ## - PUBLICATION, DISTRIBUTION, ETC. (IMPRINT)
Year of publication 1982
300 ## - PHYSICAL DESCRIPTION
Number of Pages 17p.
942 ## - ADDED ENTRY ELEMENTS (KOHA)
Koha item type Books
Holdings
Withdrawn status Lost status Damaged status Not for loan Home library Current library Date acquired Bill Date Full call number Accession Number Price effective from Koha item type
        NASSDOC Library NASSDOC Library 08/10/2004 2004-10-22 RL.000; 21243 18/04/2019 Books